LEADER 02447nam 2200649 a 450 001 9910790370503321 005 20230801223308.0 010 $a1-280-38037-3 010 $a9786613558282 010 $a90-272-7394-4 035 $a(CKB)2670000000205025 035 $a(EBL)903100 035 $a(OCoLC)792688682 035 $a(SSID)ssj0000633735 035 $a(PQKBManifestationID)12229245 035 $a(PQKBTitleCode)TC0000633735 035 $a(PQKBWorkID)10620026 035 $a(PQKB)10503618 035 $a(MiAaPQ)EBC903100 035 $a(Au-PeEL)EBL903100 035 $a(CaPaEBR)ebr10567673 035 $a(CaONFJC)MIL355828 035 $a(EXLCZ)992670000000205025 100 $a20120307d2012 uy 0 101 0 $aeng 135 $aur|n|---||||| 181 $ctxt 182 $cc 183 $acr 200 00$aCorpus-informed research and learning in ESP$b[electronic resource] $eissues and applications /$fedited by Alex Boulton, Shirley Carter-Thomas, Elizabeth Rowley-Jolivet 210 $aAmsterdam ;$aPhiladelphia $cJohn Benjamins Pub. Co.$d2012 215 $a1 online resource (316 p.) 225 1 $aStudies in corpus linguistics,$x1388-0373 ;$vv. 52 300 $aDescription based upon print version of record. 311 $a90-272-0357-1 320 $aIncludes bibliographical references and index. 327 $apt. 1. ESP corpora for language research -- pt. 2. ESP corpora for genre-based approaches -- pt. 3. ESP corpora for language teaching and learning. 410 0$aStudies in corpus linguistics ;$vv. 52. 606 $aEnglish language$xStudy and teaching$xForeign speakers 606 $aEnglish language$xStudy and teaching$xData processing 606 $aEnglish language$xDiscourse analysis$xData processing 606 $aComputational linguistics 615 0$aEnglish language$xStudy and teaching$xForeign speakers. 615 0$aEnglish language$xStudy and teaching$xData processing. 615 0$aEnglish language$xDiscourse analysis$xData processing. 615 0$aComputational linguistics. 676 $a428.0071 701 $aBoulton$b Alex$01163322 701 $aCarter-Thomas$b Shirley$01163323 701 $aRowley-Jolivet$b Elizabeth$01531682 801 0$bMiAaPQ 801 1$bMiAaPQ 801 2$bMiAaPQ 906 $aBOOK 912 $a9910790370503321 996 $aCorpus-informed research and learning in ESP$93777548 997 $aUNINA